Quentin Durward
Saved in:
| Main Author: | |
|---|---|
| Other Authors: | , |
| Format: | Book |
| Language: | English |
| Published: |
[London] :
Longmans,
[1960]
|
| Series: | New method supplementary reader ;
; stage 4 |
| Subjects: | |
| Tags: |
Add Tag
No Tags, Be the first to tag this record!
|
MARC
| LEADER | 00000cam a2200000 i 4500 | ||
|---|---|---|---|
| 001 | 1/94908 | ||
| 008 | 081004r19601935 eng d | ||
| 035 | |l 10100628 | ||
| 040 | |a GR-MY-UA |b gre |e aacr | ||
| 041 | 0 | |a eng | |
| 082 | 0 | |a 428.6 |2 (22) | |
| 100 | 1 | |a Scott, Walter, |d 1771-1832. | |
| 245 | 1 | 0 | |a Quentin Durward / |c by Sir Walter Scott ; simplified and brought within the vocabulary of New Method Reader 4 by Michael West ; with illustrations by J.S. Goodall |
| 260 | |a [London] : |b Longmans, |c [1960] | ||
| 300 | |a 136 σ.; |c 19 εκ. | ||
| 490 | 1 | |a New method supplementary reader |v ; stage 4 | |
| 500 | |a "Secobd impression 1960" | ||
| 650 | 0 | 0 | |a Readers |y 1950- |
| 650 | 0 | 0 | |a English language |x Readers. |
| 700 | 1 | |a Goodall, John S. |4 ill | |
| 700 | 1 | |4 edt |a West, Michael |q (Michael Philip), |d 1888-1973. | |
| 830 | 0 | |a New method supplementary reader ; |v ; stage 4 | |
| 852 | |a INST |b RHODES |c AKA |e 20081004 |h 428.6 SCO |p 005400030695 |q 005400030695 |t BK |y 0 | ||
| 901 | |a BIBL4-2008-3 | ||
| 909 | |a Ρ |b 153149 | ||
| 970 | |a ΚΟΖΑ |b ΜΑΡΙΑ |z 2008/10/04 | ||